Successi di sempre vol.1 (Lp Rb39) (Record n. 99823)
[ formato base ]
| 000 -LEADER | |
|---|---|
| fixed length control field | 03875njm a2200553Ia 4500 |
| 001 - CONTROL NUMBER | |
| control field | 23817 |
| 003 - CONTROL NUMBER IDENTIFIER | |
| control field | IT-RoPAU |
| 005 - DATE AND TIME OF LATEST TRANSACTION | |
| control field | 20220918181121.0 |
| 008 - FIXED-LENGTH DATA ELEMENTS--GENERAL INFORMATION | |
| fixed length control field | 131025s9999 xx 000 0 und d |
| 040 ## - CATALOGING SOURCE | |
| Original cataloging agency | IT-RoPAU |
| 040 ## - CATALOGING SOURCE | |
| Transcribing agency | IT-RoPAU |
| 041 ## - LANGUAGE CODE | |
| Language code of text/sound track or separate title | ITALIANO |
| 999 ## - SYSTEM CONTROL NUMBERS (KOHA) | |
| Koha Dewey Subclass [OBSOLETE] | n.d. |
| 100 ## - MAIN ENTRY--PERSONAL NAME | |
| Personal name | AA.VV. |
| 9 (RLIN) | 794 |
| 100 ## - MAIN ENTRY--PERSONAL NAME | |
| Relator term | Autore musica |
| 9 (RLIN) | 6224 |
| 100 ## - MAIN ENTRY--PERSONAL NAME | |
| Miscellaneous information | Codice autore musica SPICS: 12000 |
| 9 (RLIN) | 796 |
| 245 ## - TITLE STATEMENT | |
| Title | Successi di sempre vol.1 (Lp Rb39) |
| 250 ## - EDITION STATEMENT | |
| Edition statement | 1a ed. |
| 260 ## - PUBLICATION, DISTRIBUTION, ETC. (IMPRINT) | |
| Place of publication, distribution, etc. | MILANO |
| 260 ## - PUBLICATION, DISTRIBUTION, ETC. (IMPRINT) | |
| Name of publisher, distributor, etc. | CBS - SUGAR |
| Date of publication, distribution, etc. | 1976 [1a Ed.:1976] |
| 300 ## - PHYSICAL DESCRIPTION | |
| Extent | DISCO |
| 500 ## - GENERAL NOTE | |
| General note | Raccolta di best sellers recenti e passati interpretati dagli stessi artisti che ne hanno determinato la fama e la popolarità. Canzoni giovani, senza età capaci di ricreare sempre entusiastiche emozioni. Canzone italiana. Amore, bambina, amico, destino. |
| 505 ## - FORMATTED CONTENTS NOTE | |
| Formatted contents note | Il giardino proibito (Giacobbe Sandro) - Lady Barbara (Renato) - La pioggia (Cinquetti Gigliola) - L'ora dell'amore (I Camaleonti) - Lisa dagli occhi blu (Tessuto Mario) - Montagne verdi (Bella Marcella) - Sei bellissima (Bertè Loredana) - Quanto è bella lei (Nazzaro Gianni) - Felicità tà tà (Carrà Raffaella) - Non ti scordar di me (Leonardi S.) - Torero (Carosone Renato) - Canzone per te (Carlos R.) |
| 650 ## - SUBJECT ADDED ENTRY--TOPICAL TERM | |
| Topical term or geographic name as entry element | CANZONE ITALIAN [DISCHI] |
| Relator term | Codice MATERIA SPICS: 9950 |
| 9 (RLIN) | 6225 |
| 700 ## - ADDED ENTRY--PERSONAL NAME | |
| Personal name | Pace Daniele |
| Dates associated with a name | Codice autore musica SPICS: 13856 |
| Relator term | Autore musica |
| Name of part/section of a work | Il giardino proibito - La pioggia - L'ora dell'amore - Quanto è bella lei |
| 9 (RLIN) | 6226 |
| 700 ## - ADDED ENTRY--PERSONAL NAME | |
| Personal name | Giacobbe Sandro |
| Dates associated with a name | Codice autore SPICS: 13857 |
| Relator term | Autore |
| Name of part/section of a work | Il giardino proibito |
| 9 (RLIN) | 6227 |
| 700 ## - ADDED ENTRY--PERSONAL NAME | |
| Personal name | Avogadro Oscar |
| Dates associated with a name | Codice autore testo/musica SPICS: 21687 |
| Relator term | Autore testo/musica |
| Name of part/section of a work | Il giardino proibito |
| 9 (RLIN) | 6228 |
| 700 ## - ADDED ENTRY--PERSONAL NAME | |
| Personal name | Bigazzi Giancarlo |
| Dates associated with a name | Codice autore musica SPICS: 13839 |
| Relator term | Autore musica |
| Name of part/section of a work | Lady Barbara - Lisa dagli occhi blu - Montagne verdi |
| 9 (RLIN) | 6229 |
| 700 ## - ADDED ENTRY--PERSONAL NAME | |
| Personal name | Savio G. |
| Dates associated with a name | Codice autore testo/musica SPICS: 14082 |
| Relator term | Autore testo/musica |
| Name of part/section of a work | Lady Barbara |
| 9 (RLIN) | 6230 |
| 700 ## - ADDED ENTRY--PERSONAL NAME | |
| Personal name | Panzeri Mario |
| Dates associated with a name | Codice autore testo/musica SPICS: 13372 |
| Relator term | Autore Testo/musica |
| Name of part/section of a work | La pioggia - Quanto è bella lei |
| 9 (RLIN) | 6231 |
| 700 ## - ADDED ENTRY--PERSONAL NAME | |
| Personal name | Conti C. |
| Dates associated with a name | Codice autore SPICS: 15827 |
| Relator term | Autore |
| Name of part/section of a work | La pioggia |
| 9 (RLIN) | 6232 |
| 700 ## - ADDED ENTRY--PERSONAL NAME | |
| Personal name | Brooken G. |
| Dates associated with a name | Codice autore musica SPICS: 25265 |
| Relator term | Autore musica |
| Name of part/section of a work | L'ora dell'amore |
| 9 (RLIN) | 6233 |
| 700 ## - ADDED ENTRY--PERSONAL NAME | |
| Personal name | Reid Keith |
| Dates associated with a name | Codice autore SPICS: 25264 |
| Relator term | Autore |
| Name of part/section of a work | L'ora dell'amore |
| 9 (RLIN) | 6234 |
| 700 ## - ADDED ENTRY--PERSONAL NAME | |
| Personal name | Cavallaro |
| Dates associated with a name | Codice autore musica SPICS: 13858 |
| Relator term | Autore musica |
| Name of part/section of a work | Lisa dagli occhi blu |
| 9 (RLIN) | 6235 |
| 700 ## - ADDED ENTRY--PERSONAL NAME | |
| Personal name | Bella Gianni |
| Dates associated with a name | Codice autore musica SPICS: 13859 |
| Relator term | Autore musica |
| Name of part/section of a work | Montagne verdi |
| 9 (RLIN) | 6236 |
| 700 ## - ADDED ENTRY--PERSONAL NAME | |
| Personal name | Felisatti P. |
| Dates associated with a name | Codice autore musica SPICS: 13870 |
| Relator term | Autore musica |
| Name of part/section of a work | Sei bellissima |
| 9 (RLIN) | 6237 |
| 700 ## - ADDED ENTRY--PERSONAL NAME | |
| Personal name | Sarasate Pablo De |
| Dates associated with a name | Codice autore testo/musica SPICS: 14355 |
| Relator term | Autore testo/musica |
| Name of part/section of a work | Sei bellissima |
| 9 (RLIN) | 6238 |
| 700 ## - ADDED ENTRY--PERSONAL NAME | |
| Personal name | Pilat |
| Dates associated with a name | Codice autore musica SPICS: 14084 |
| Relator term | Autore musica |
| Name of part/section of a work | Quanto è bella lei |
| 9 (RLIN) | 6239 |
| 700 ## - ADDED ENTRY--PERSONAL NAME | |
| Personal name | Ormi Paolo |
| Dates associated with a name | Codice autore musica SPICS: 14181 |
| Relator term | Autore musica |
| Name of part/section of a work | Felicità tà tà |
| 9 (RLIN) | 6240 |
| 700 ## - ADDED ENTRY--PERSONAL NAME | |
| Personal name | Verde |
| Dates associated with a name | Codice autore SPICS: 14028 |
| Relator term | Autore |
| Name of part/section of a work | Felicità tà tà |
| 9 (RLIN) | 6241 |
| 700 ## - ADDED ENTRY--PERSONAL NAME | |
| Personal name | Boncompagni Gianni |
| Dates associated with a name | Codice autore testo/musica SPICS: 13860 |
| Relator term | Autore testo/musica |
| Name of part/section of a work | Felicità tà tà |
| 9 (RLIN) | 6242 |
| 700 ## - ADDED ENTRY--PERSONAL NAME | |
| Personal name | Furnò Domenico |
| Dates associated with a name | Codice autore musica SPICS: 13476 |
| Relator term | Autore musica |
| Name of part/section of a work | Non ti scordar di me |
| 9 (RLIN) | 6243 |
| 700 ## - ADDED ENTRY--PERSONAL NAME | |
| Personal name | De Curtis Ernesto |
| Dates associated with a name | Codice autore testo/musica SPICS: 13475 |
| Relator term | Autore testo/musica |
| Name of part/section of a work | Non ti scordar di me |
| 9 (RLIN) | 6244 |
| 700 ## - ADDED ENTRY--PERSONAL NAME | |
| Personal name | Carosone Renato |
| Dates associated with a name | Codice autore musica SPICS: 9614 |
| Relator term | Autore musica |
| Name of part/section of a work | Torero |
| 9 (RLIN) | 6245 |
| 700 ## - ADDED ENTRY--PERSONAL NAME | |
| Personal name | Nisa (Salerno Nicola) |
| Dates associated with a name | Codice autore testo/musica SPICS: 13452 |
| Relator term | Autore testo/musica |
| Name of part/section of a work | Torero |
| 9 (RLIN) | 6246 |
| 700 ## - ADDED ENTRY--PERSONAL NAME | |
| Personal name | Endrigo Sergio |
| Dates associated with a name | Codice autore musica SPICS: 10878 |
| Relator term | Autore musica |
| Name of part/section of a work | Canzone per te |
| 9 (RLIN) | 6247 |
| 700 ## - ADDED ENTRY--PERSONAL NAME | |
| Personal name | Bardotti Sergio |
| Dates associated with a name | Codice autore testo/musica SPICS: 13862 |
| Relator term | Autore testo/musica |
| Name of part/section of a work | Canzone per te |
| 9 (RLIN) | 6248 |
| 942 ## - ADDED ENTRY ELEMENTS (KOHA) | |
| Koha item type | DISCHI |
| Source of classification or shelving scheme | Dewey Decimal Classification |
| Withdrawn status | Lost status | Damaged status | Not for loan | Home library | Current library | Date acquired | Total Checkouts | Full call number | Date last seen | Price effective from | Koha item type | Public note |
|---|---|---|---|---|---|---|---|---|---|---|---|---|
| Buone Condizioni | Not For Loan | SPICS-MEDIATECA | SPICS-MEDIATECA | 25/10/2013 | 23817 | 25/10/2013 | 25/10/2013 | DISCHI | Progr. Ins.: 4664 / N.Vol.: 1 / Copie: 1 - Copia rara: n.d. / date import: 01.01.2014 - By Epidotti, Trombetti, Vaglietti |